| 000 | 00599nam a2200193 a 4500 | ||
|---|---|---|---|
| 005 | 20140310183457.0 | ||
| 008 | 091109s19uu xx 00 eng d | ||
| 020 | _a9780415398114 | ||
| 050 |
_aRC 489.C63 _b.L28 2008 |
||
| 100 | _aLam, Danny C.K. | ||
| 245 |
_aCognitive behavior theraphy : _ba practical guide to helping people take control / _cDanny C.K. Lam. |
||
| 260 |
_aLondon : _bRoutledge, _c2008. |
||
| 300 |
_a234 p. : _bill. ; _c24 cm. |
||
| 521 | _aNUR | ||
| 650 |
_aCognitive theraphy _xmethods. |
||
| 650 |
_aMental disorders _xtheraphy. |
||
| 942 |
_cBK _2lcc _kFOR |
||
| 999 |
_c23688 _d23688 |
||